00809nam a2200181 a 4500001001000000003000900010005001700019007000300036008004100039040002500080082002300105110013900128245014100267260010300408300002700511650005600538650003300594000029611DO-SdBNP20220524093943.0ta110404s1979 dr a 000 0 spa d aDO-SdBNPbspacBNPHU 4a693.852bR426r2221 aRepública Dominicana .bSecretaría de estado de Obras Públicas y Comunicaciones; Departamento de Normas, Reglamentos y Sistemas 10aRecomendaciones provisionales para el análisis sísmico de estructuras /cSecretaría de estado de Obras Públicas y Comunicaciones aSanto Domingo :bSecretaría de estado de Obras Públicas y Comunicaciones,c1979.fAlfa y Omega a37 p. :bil. ;c28 cm. 4aAnálisis plástico (Teoría de las estructuras) 4aEstructuras sismoresistentes